000 00798cam a22002777a 4500
003 CHAP
005 20220329140519.0
008 971013s r 00010 d
010 _a53137
011 _a54109
035 _a58259
040 _cCHAP
082 _a632.72
_bS4
100 0 0 _aSegura, José C.
_9103672
245 1 3 _aLa plaga de la langosta en México
260 _a(s.l.) :
_b(s.e.),
_c(s.a.)
300 _a180 p.
590 _aBATCH-UPD
_b10
_c20130110
_lUCH01
_h0725
590 _aBATCH-UPD
_b10
_c20130410
_lUCH01
_h0409
590 _aBATCH-UPD
_b10
_c20130914
_lUCH01
_h1714
590 _aCONVERSION
_b10
_c20130109
_lUCH01
_h1329
650 1 4 _aLangosta como plaga
_xMéxico.
_964764
901 _aBK
942 _cLIBRO
949 _a632.72 S4
_bBC
_cBPP
_d-126498
_eBPP
_h15814
_i58259
_si
999 _c53137
_d53137